[Event "Pan American-ch Seniors 50"]
[Site "Lima"]
[Date "2023.04.30"]
[Round "8"]
[White "Kropff Gomez, Ricardo"]
[Black "Juarez Flores, Carlos Armando"]
[Result "0-1"]
[WhiteElo "2153"]
[BlackElo "2334"]
[PlyCount "144"]
[EventDate "2023.04.26"]
[EventType "swiss"]
[EventRounds "9"]
[EventCountry "PER"]
[SourceTitle "CBM 214 Extra"]
[Source "ChessBase"]
[SourceDate "2023.07.31"]
[SourceVersion "1"]
[SourceVersionDate "2023.07.31"]
[SourceQuality "1"]

1. e4 c6 2. d4 d5 3. exd5 cxd5 4. Bd3 Nc6 5. c3 e5 6. dxe5 Nxe5 7. Qe2 Qe7 8. Bb5+ Nc6 9. Qxe7+ Bxe7 10. Nf3 Bd6 11. Nbd2 Nge7 12. 0-0 0-0 13. Nb3 Bf5 14. Bg5 f6 15. Bh4 Ne5 16. Nfd4 a6 17. Be2 Bg6 18. Bg3 Bf7 19. Rad1 h5 20. h4 Rac8 21. Rfe1 Rfd8 22. Nd2 g6 23. Nf1 Rd7 24. Rd2 Kf8 25. Red1 Rcd8 26. f3 N7c6 27. Bf2 Na5 28. Ne3 Nec6 29. Ndc2 Ne7 30. Nd4 Ke8 31. Kf1 Be5 32. g3 Nc4 33. Nxc4 dxc4 34. f4 Bc7 35. Bf3 Bd5 36. Bxd5 Rxd5 37. Re2 R8d7 38. Rde1 Bb6 39. Nc6 bxc6 40. Bxb6 Kf7 41. Bf2 Nf5 42. Re4 Rb5 43. R1e2 Rd1+ 44. Kg2 Rb1 45. Rxc4 R5xb2 46. Rxb2 Rxb2 47. Ra4 Rc2 48. Rxa6 Rxc3 49. a4 c5 50. Rc6 Ra3 51. Rxc5 Rxa4 52. Rc6 Ra3 53. Rb6 Rd3 54. Ra6 Nd6 55. Kf1 Ne4 56. Ke2 Rb3 57. Be1 Nxg3+ 58. Bxg3 Rxg3 59. Kf2 Rg4 60. Kf3 Rxh4 61. Ra7+ Kg8 62. Ra8+ Kg7 63. Ra7+ Kh6 64. Kg3 Rg4+ 65. Kf3 f5 66. Rb7 h4 67. Rb8 Rg3+ 68. Kf2 Kh5 69. Rh8+ Kg4 70. Rh6 Kxf4 71. Rxh4+ Rg4 72. Rh8 Kg5 0-1

[Event "Pan American-ch Seniors 50"]
[Site "Lima"]
[Date "2023.04.29"]
[Round "6"]
[White "Soto Vega, Jorge"]
[Black "Juarez Flores, Carlos Armando"]
[Result "1-0"]
[WhiteElo "2363"]
[BlackElo "2334"]
[PlyCount "39"]
[EventDate "2023.04.26"]
[EventType "swiss"]
[EventRounds "9"]
[EventCountry "PER"]
[SourceTitle "CBM 214 Extra"]
[Source "ChessBase"]
[SourceDate "2023.07.31"]
[SourceVersion "1"]
[SourceVersionDate "2023.07.31"]
[SourceQuality "1"]

1. e4 c6 2. d4 d5 3. f3 Qb6 4. Nc3 dxe4 5. Nxe4 Bf5 6. c3 e5 7. dxe5 Bxe4 8. fxe4 Bc5 9. Nf3 Bf2+ 10. Kd2 Nd7 11. Kc2 0-0-0 12. Qe2 Ne7 13. g3 Ng6 14. Bh3 Bc5 15. Bg5 Be7 16. Bxe7 Nxe7 17. Ng5 Kc7 18. Nxf7 Rhf8 19. Rhf1 Rde8 20. Qd3 1-0

[Event "Pan American-ch Seniors 50"]
[Site "Lima"]
[Date "2023.04.28"]
[Round "4"]
[White "Juarez Flores, Carlos Armando"]
[Black "Caceres Vasquez, Sergio"]
[Result "0-1"]
[WhiteElo "2334"]
[BlackElo "2041"]
[PlyCount "84"]
[EventDate "2023.04.26"]
[EventType "swiss"]
[EventRounds "9"]
[EventCountry "PER"]
[SourceTitle "CBM 214 Extra"]
[Source "ChessBase"]
[SourceDate "2023.07.31"]
[SourceVersion "1"]
[SourceVersionDate "2023.07.31"]
[SourceQuality "1"]

1. e4 c5 2. Nf3 e6 3. d4 cxd4 4. Nxd4 Nc6 5. Nc3 Qc7 6. g3 a6 7. Bg2 d6 8. 0-0 Bd7 9. Re1 Be7 10. a4 Nf6 11. Be3 0-0 12. Qe2 Nxd4 13. Bxd4 Bc6 14. Rad1 Nd7 15. Nd5 Bxd5 16. exd5 e5 17. Be3 a5 18. Qb5 b6 19. Rd3 Nc5 20. Rc3 f5 21. Rc4 Bd8 22. Rd1 Qf7 23. f4 e4 24. c3 Qe8 25. Ra1 Qxb5 26. axb5 Be7 27. Bf1 Kf7 28. b4 axb4 29. Rxa8 Rxa8 30. cxb4 Nd7 31. g4 g6 32. gxf5 gxf5 33. Rc7 Ke8 34. Rc6 Ra2 35. Bd4 Rd2 36. Bc3 Ra2 37. Bh3 e3 38. Bxf5 Nf6 39. Bxf6 Bxf6 40. Rxd6 e2 41. Re6+ Kf7 42. d6 Bd4+ 0-1

[Event "Pan American-ch Seniors 50"]
[Site "Lima"]
[Date "2023.04.27"]
[Round "2"]
[White "Juarez Flores, Carlos Armando"]
[Black "Daneri, Martin"]
[Result "1/2-1/2"]
[WhiteElo "2334"]
[BlackElo "2078"]
[PlyCount "91"]
[EventDate "2023.04.26"]
[EventType "swiss"]
[EventRounds "9"]
[EventCountry "PER"]
[SourceTitle "CBM 214 Extra"]
[Source "ChessBase"]
[SourceDate "2023.07.31"]
[SourceVersion "1"]
[SourceVersionDate "2023.07.31"]
[SourceQuality "1"]

1. Nf3 Nf6 2. d4 g6 3. g3 Bg7 4. Bg2 0-0 5. b3 c5 6. Bb2 cxd4 7. Nxd4 d5 8. 0-0 Re8 9. Nd2 e5 10. N4f3 Nc6 11. c4 d4 12. c5 e4 13. Ng5 Bf5 14. f3 e3 15. Nc4 Nd5 16. Ne4 Bxe4 17. fxe4 Nc3 18. Bxc3 dxc3 19. Nd6 Re7 20. Qd5 Qc7 21. Rac1 Rd8 22. Rfd1 a5 23. Qc4 Nb4 24. a3 Na6 25. b4 axb4 26. axb4 Red7 27. Qb3 b6 28. Bh3 Rxd6 29. cxd6 Rxd6 30. Qa4 b5 31. Qxb5 Rxd1+ 32. Rxd1 c2 33. Rc1 Bb2 34. Rxc2 Qxc2 35. Qxa6 Qd1+ 36. Bf1 Qe1 37. Qc8+ Kg7 38. Qh3 Qxb4 39. Qg2 h5 40. Qf3 Bc3 41. Bh3 Be1 42. Bc8 Bf2+ 43. Kg2 h4 44. gxh4 Bxh4 45. Ba6 Bf2 46. Qf4 1/2-1/2

[Event "Pan American-ch Seniors 50"]
[Site "Lima"]
[Date "2023.04.27"]
[Round "3"]
[White "Monroy Carrizo, Javier"]
[Black "Juarez Flores, Carlos Armando"]
[Result "0-1"]
[WhiteElo "1848"]
[BlackElo "2334"]
[PlyCount "70"]
[EventDate "2023.04.26"]
[EventType "swiss"]
[EventRounds "9"]
[EventCountry "PER"]
[SourceTitle "CBM 214 Extra"]
[Source "ChessBase"]
[SourceDate "2023.07.31"]
[SourceVersion "1"]
[SourceVersionDate "2023.07.31"]
[SourceQuality "1"]

1. d4 Nf6 2. Nf3 b5 3. a4 b4 4. c4 e6 5. g3 Bb7 6. Bg2 a5 7. 0-0 d6 8. Nbd2 Nbd7 9. Qc2 c5 10. e3 Be7 11. b3 0-0 12. Bb2 Rc8 13. e4 cxd4 14. Nxd4 Nc5 15. Rfe1 Qb6 16. Rad1 Rfd8 17. e5 dxe5 18. Rxe5 Bxg2 19. Kxg2 Rd7 20. N2f3 Rcd8 21. Rde1 Qb7 22. Kg1 Ng4 23. R5e2 Bf6 24. h3 Nh6 25. Rd2 Nf5 26. Red1 Qe4 27. Qxe4 Nxe4 28. Rd3 Nc3 29. Bxc3 bxc3 30. Rxc3 Nxd4 31. Kg2 Nxf3 32. Rxd7 Ne1+ 33. Kf1 Rxd7 34. Rc1 Nd3 35. Rc2 Nc5 0-1

[Event "Olympiad-44"]
[Site "Chennai"]
[Date "2022.08.09"]
[Round "11.2"]
[White "Juarez Flores, Carlos Armando"]
[Black "Thing, Bibek"]
[Result "1/2-1/2"]
[WhiteElo "2335"]
[BlackElo "2260"]
[PlyCount "106"]
[EventDate "2022.07.29"]
[EventType "team-swiss"]
[EventRounds "11"]
[EventCountry "IND"]
[SourceTitle "CBM 210"]
[Source "ChessBase"]
[SourceDate "2022.10.31"]
[SourceVersion "1"]
[SourceVersionDate "2022.10.31"]
[SourceQuality "1"]
[WhiteTeam "Guatemala"]
[BlackTeam "Nepal"]
[WhiteTeamCountry "GUA"]
[BlackTeamCountry "NEP"]

1. e4 c5 2. Nf3 d6 3. d4 cxd4 4. Nxd4 Nf6 5. f3 e5 6. Bb5+ Nbd7 7. Nf5 d5 8. exd5 a6 9. Ba4 b5 10. Bb3 Nb6 11. Ne3 Bb7 12. 0-0 Bc5 13. Kh1 0-0 14. Nc3 Bd4 15. Nf5 Bxc3 16. bxc3 Qd7 17. Qd3 Bxd5 18. Ba3 Rfe8 19. Rad1 Nc4 20. Bc1 Qe6 21. Ng3 Nb6 22. Rfe1 Bc4 23. Qf5 Nbd5 24. Bxc4 bxc4 25. Bd2 Rab8 26. Rb1 Rxb1 27. Rxb1 h6 28. h3 Qc6 29. h4 Qa4 30. h5 Ne7 31. Qxe5 Qxc2 32. Rb8 Rxb8 33. Qxb8+ Kh7 34. Qe5 Qxd2 35. Qxe7 Qc1+ 36. Kh2 Qf4 37. Kh3 Nd5 38. Qe1 Ne3 39. Qb1+ f5 40. Qb6 Qe5 41. Qxa6 f4 42. Qg6+ Kh8 43. Ne4 Nd1 44. Nd6 Qe1 45. Qe8+ Qxe8 46. Nxe8 Nxc3 47. Nd6 Nxa2 48. Nxc4 Nb4 49. Ne5 Nd5 50. Ng6+ Kh7 51. Kg4 Nf6+ 52. Kh4 Nd5 53. Kg4 Nf6+ 1/2-1/2

[Event "Olympiad-44"]
[Site "Chennai"]
[Date "2022.08.07"]
[Round "9.2"]
[White "Al Sulaiti, Ghanem"]
[Black "Juarez Flores, Carlos Armando"]
[Result "0-1"]
[WhiteElo "2183"]
[BlackElo "2335"]
[PlyCount "100"]
[EventDate "2022.07.29"]
[EventType "team-swiss"]
[EventRounds "11"]
[EventCountry "IND"]
[SourceTitle "CBM 210"]
[Source "ChessBase"]
[SourceDate "2022.10.31"]
[SourceVersion "1"]
[SourceVersionDate "2022.10.31"]
[SourceQuality "1"]
[WhiteTeam "Qatar"]
[BlackTeam "Guatemala"]
[WhiteTeamCountry "QAT"]
[BlackTeamCountry "GUA"]

1. e4 c6 2. d4 d5 3. exd5 cxd5 4. Bd3 Nc6 5. c3 Nf6 6. h3 e5 7. dxe5 Nxe5 8. Nf3 Nxd3+ 9. Qxd3 Be7 10. 0-0 0-0 11. Nbd2 Qb6 12. Nb3 a5 13. Be3 Qc7 14. Rfe1 Be6 15. Nbd4 Ra6 16. Rad1 Ne4 17. Nd2 Nc5 18. Qc2 Bf6 19. Nb5 Qc8 20. Bd4 Bf5 21. Qc1 Nd3 22. Qa1 Nxe1 23. Rxe1 Bxd4 24. Nxd4 Rg6 25. Kh2 Qc7+ 26. Kh1 Qf4 27. Re3 Qxf2 28. Re2 Qf4 29. Qe1 Bc8 30. N2f3 Qg3 31. Qxg3 Rxg3 32. Re7 Rg6 33. Ne5 Rf6 34. Kg1 Rd8 35. Rc7 h6 36. b3 Re8 37. Nd3 b6 38. Nc6 Bf5 39. Nde5 Be4 40. Nd7 Rfe6 41. b4 Kh7 42. b5 h5 43. Kf2 h4 44. g4 hxg3+ 45. Kxg3 Bd3 46. a4 Re3+ 47. Kf2 Re2+ 48. Kf3 R8e3+ 49. Kf4 Kh6 50. h4 f6 0-1

[Event "Olympiad-44"]
[Site "Chennai"]
[Date "2022.08.05"]
[Round "7.2"]
[White "Liyanage, Ranindu Dilshan"]
[Black "Juarez Flores, Carlos Armando"]
[Result "1/2-1/2"]
[WhiteElo "2286"]
[BlackElo "2335"]
[PlyCount "97"]
[EventDate "2022.07.29"]
[EventType "team-swiss"]
[EventRounds "11"]
[EventCountry "IND"]
[SourceTitle "CBM 210"]
[Source "ChessBase"]
[SourceDate "2022.10.31"]
[SourceVersion "1"]
[SourceVersionDate "2022.10.31"]
[SourceQuality "1"]
[WhiteTeam "Sri Lanka"]
[BlackTeam "Guatemala"]
[WhiteTeamCountry "SRI"]
[BlackTeamCountry "GUA"]

1. e4 e6 2. d4 d5 3. Nc3 Bb4 4. exd5 exd5 5. Bd3 Nf6 6. Nge2 Bg4 7. f3 Bh5 8. g4 Bg6 9. h4 c6 10. h5 Bxd3 11. Qxd3 Nbd7 12. g5 Ng8 13. Bf4 Be7 14. 0-0-0 Bxg5 15. Qe3+ Be7 16. Rdg1 Nf8 17. Rxg7 Ne6 18. h6 Bf6 19. Be5 Bxe5 20. Qxe5 Ne7 21. Qf6 Rf8 22. Rxh7 Ng6 23. Qxd8+ Rxd8 24. Rg1 Nh4 25. f4 Ke7 26. Ng3 Nxd4 27. Re1+ Kd6 28. Rh1 Nhf5 29. Nxf5+ Nxf5 30. Re1 Rd7 31. Re5 Nd4 32. Kd1 f6 33. Rxd7+ Kxd7 34. Rh5 Ke6 35. Ne2 Nf5 36. c3 Rh8 37. h7 Ng7 38. Rh6 Kf5 39. Nd4+ Ke4 40. Rxf6 Rxh7 41. Rf7 c5 42. Re7+ Kxf4 43. Ne6+ Ke5 44. Nxg7+ Kf6 45. Rd7 Rxg7 46. Rxd5 Rg2 47. Rd2 Rxd2+ 48. Kxd2 Ke5 49. Ke3 1/2-1/2

[Event "Olympiad-44"]
[Site "Chennai"]
[Date "2022.08.03"]
[Round "6.2"]
[White "Juarez Flores, Carlos Armando"]
[Black "Sousa, Andre Ventura"]
[Result "1-0"]
[WhiteElo "2335"]
[BlackElo "2420"]
[PlyCount "81"]
[EventDate "2022.07.29"]
[EventType "team-swiss"]
[EventRounds "11"]
[EventCountry "IND"]
[SourceTitle "CBM 210"]
[Source "ChessBase"]
[SourceDate "2022.10.31"]
[SourceVersion "1"]
[SourceVersionDate "2022.10.31"]
[SourceQuality "1"]
[WhiteTeam "Guatemala"]
[BlackTeam "Portugal"]
[WhiteTeamCountry "GUA"]
[BlackTeamCountry "POR"]

1. Nf3 c5 2. g3 g6 3. Bg2 Bg7 4. d4 cxd4 5. Nxd4 Nc6 6. Nb3 Nf6 7. c4 a5 8. Nd4 0-0 9. 0-0 Ne5 10. Na3 d6 11. h3 Qb6 12. b3 Nfd7 13. Be3 Nc5 14. Nab5 Bd7 15. Rc1 Bc6 16. f3 Ned7 17. Qd2 d5 18. Na3 Qb4 19. Ndc2 Qxd2 20. Bxd2 d4 21. f4 Bxg2 22. Kxg2 Ne4 23. Rcd1 Ndc5 24. Nb5 Rfd8 25. Bc1 Ne6 26. Ba3 Kf8 27. f5 gxf5 28. Rxf5 a4 29. Rd5 axb3 30. axb3 Nc3 31. Nxc3 dxc3 32. e3 Ke8 33. h4 b6 34. Kf3 Rdc8 35. Rb5 Ra6 36. g4 Nc5 37. Rd5 Nd7 38. Rg5 Bf6 39. Rg8+ Nf8 40. g5 Rd8 41. gxf6 1-0

[Event "Olympiad-44"]
[Site "Chennai"]
[Date "2022.08.01"]
[Round "4.2"]
[White "Macovei, Andrei"]
[Black "Juarez Flores, Carlos Armando"]
[Result "1-0"]
[WhiteElo "2478"]
[BlackElo "2335"]
[PlyCount "49"]
[EventDate "2022.07.29"]
[EventType "team-swiss"]
[EventRounds "11"]
[EventCountry "IND"]
[SourceTitle "CBM 210"]
[Source "ChessBase"]
[SourceDate "2022.10.31"]
[SourceVersion "1"]
[SourceVersionDate "2022.10.31"]
[SourceQuality "1"]
[WhiteTeam "Moldova"]
[BlackTeam "Guatemala"]
[WhiteTeamCountry "MDA"]
[BlackTeamCountry "GUA"]

1. e4 c6 2. d4 d5 3. f3 e6 4. Nc3 Bb4 5. a3 Bxc3+ 6. bxc3 dxe4 7. Nh3 e5 8. Ng5 e3 9. Bxe3 h6 10. Ne4 Nf6 11. Bd3 0-0 12. dxe5 Nxe4 13. Bxe4 Qa5 14. Qd4 Na6 15. Bd3 Rd8 16. Qe4 Qxc3+ 17. Kf2 g6 18. Qh4 Re8 19. Rae1 Nc5 20. Bxh6 Rxe5 21. Rxe5 Qxe5 22. Re1 Nxd3+ 23. cxd3 Qb2+ 24. Re2 Qb6+ 25. d4 1-0

[Event "American Continental 16th"]
[Site "San Salvador"]
[Date "2022.05.06"]
[Round "7"]
[White "Zilleruelo Irizarry, Diego"]
[Black "Juarez Flores, Carlos Armando"]
[Result "1-0"]
[WhiteElo "2056"]
[BlackElo "2367"]
[PlyCount "77"]
[EventDate "2022.05.02"]
[EventType "swiss"]
[EventRounds "11"]
[EventCountry "ESA"]
[SourceTitle "EXT 2023"]
[Source "ChessBase"]
[SourceDate "2022.10.05"]
[SourceVersion "1"]
[SourceVersionDate "2022.10.05"]
[SourceQuality "1"]

1. e4 e6 2. d4 d5 3. Nd2 c5 4. exd5 exd5 5. Ngf3 Nc6 6. c3 cxd4 7. cxd4 Qb6 8. Bd3 Bd6 9. 0-0 Bg4 10. Re1+ Nge7 11. a3 h6 12. h3 Be6 13. b4 0-0 14. Nb3 a5 15. Nc5 Bc8 16. Na4 Qd8 17. b5 Nb8 18. Nh4 Ng6 19. Nxg6 fxg6 20. Qb3 Kh7 21. Qc2 Rf6 22. Nb6 Qxb6 23. Qxc8 Qxd4 24. Be3 Qxd3 25. Qxb7 Nd7 26. Qxa8 Qxb5 27. Qa7 Bb8 28. a4 Bxa7 29. axb5 d4 30. Bd2 Nc5 31. Rxa5 Bb6 32. Ra3 Nb7 33. Rf3 Rd6 34. Re7 Nd8 35. Kf1 g5 36. Ke2 Kg6 37. Kd3 Ne6 38. Bb4 Bc5 39. Rxe6+ 1-0

[Event "American Continental 16th"]
[Site "San Salvador"]
[Date "2022.05.03"]
[Round "3"]
[White "Lorenzana, Wilson Estuardo"]
[Black "Juarez Flores, Carlos Armando"]
[Result "1/2-1/2"]
[WhiteElo "2170"]
[BlackElo "2367"]
[PlyCount "95"]
[EventDate "2022.05.02"]
[EventType "swiss"]
[EventRounds "11"]
[EventCountry "ESA"]
[SourceTitle "CBM 208 Extra"]
[Source "ChessBase"]
[SourceDate "2022.07.31"]
[SourceVersion "1"]
[SourceVersionDate "2022.07.31"]
[SourceQuality "1"]

1. e4 c6 2. d4 d5 3. e5 Bf5 4. c4 e6 5. Nc3 Ne7 6. cxd5 cxd5 7. Bd3 a6 8. Nge2 Nbc6 9. 0-0 Bxd3 10. Qxd3 Nf5 11. Be3 Be7 12. Ng3 Nxg3 13. hxg3 0-0 14. f4 f6 15. exf6 Bxf6 16. Na4 Qd6 17. a3 Rac8 18. b4 Nb8 19. Rac1 b6 20. Rfe1 Rc6 21. Rxc6 Qxc6 22. Nb2 Rc8 23. Rc1 Qd7 24. Rxc8+ Qxc8 25. Kf2 Nd7 26. Qd2 b5 27. Nd3 Nb6 28. Nc5 Nc4 29. Qd3 g6 30. Ke1 Kf7 31. Bf2 Bd8 32. Kf1 a5 33. Be1 a4 34. Bf2 Bc7 35. Ke2 h5 36. Be3 Qd8 37. Bc1 Qf6 38. Nd7 Qf5 39. Qxf5+ exf5 40. Ne5+ Kf6 41. Kd3 Bb6 42. Nd7+ Ke6 43. Ne5 Nxe5+ 44. dxe5 d4 45. Bb2 Kd5 46. Bc1 Ba7 47. Bb2 Bb6 48. Bc1 1/2-1/2

[Event "Managua Hurtado Memorial"]
[Site "Managua"]
[Date "2021.12.28"]
[Round "4"]
[White "Fonseca Cabrera, Ernesto Gregorio"]
[Black "Juarez Flores, Carlos Armando"]
[Result "1/2-1/2"]
[WhiteElo "2169"]
[BlackElo "2373"]
[PlyCount "63"]
[EventDate "2021.12.26"]
[EventType "tourn"]
[EventRounds "9"]
[EventCountry "NCA"]
[SourceTitle "CBM 206 Extra"]
[Source "ChessBase"]
[SourceDate "2022.03.31"]
[SourceVersion "1"]
[SourceVersionDate "2022.03.31"]
[SourceQuality "1"]

1. d4 d5 2. c4 e6 3. Nf3 c5 4. cxd5 exd5 5. g3 Nc6 6. Bg2 Nf6 7. 0-0 Be7 8. Nc3 0-0 9. dxc5 Bxc5 10. Bg5 Be6 11. Bxf6 Qxf6 12. Nxd5 Qxb2 13. Nc7 Rad8 14. Qc1 Qxc1 15. Raxc1 Bb6 16. Nxe6 fxe6 17. e3 h6 18. Rfd1 Kf7 19. Kf1 Kf6 20. Ke2 Rxd1 21. Rxd1 Rc8 22. Rd6 Rd8 23. Rxd8 Bxd8 24. Nd4 Nxd4+ 25. exd4 b5 26. Bc6 a6 27. Bb7 a5 28. Ba6 b4 29. Kd3 Ke7 30. Kc4 Kd6 31. h4 Bb6 32. f3 1/2-1/2

[Event "Managua Hurtado Memorial"]
[Site "Managua"]
[Date "2021.12.26"]
[Round "1"]
[White "Juarez Flores, Carlos Armando"]
[Black "Espinoza, Jose"]
[Result "1-0"]
[WhiteElo "2373"]
[BlackElo "2117"]
[PlyCount "61"]
[EventDate "2021.12.26"]
[EventType "tourn"]
[EventRounds "9"]
[EventCountry "NCA"]
[SourceTitle "CBM 206 Extra"]
[Source "ChessBase"]
[SourceDate "2022.03.31"]
[SourceVersion "1"]
[SourceVersionDate "2022.03.31"]
[SourceQuality "1"]

1. e4 d5 2. exd5 Qxd5 3. Nc3 Qd6 4. d4 Nf6 5. Nge2 Bf5 6. Bf4 Qd8 7. Ng3 Bg6 8. h4 h6 9. Bd3 Bxd3 10. Qxd3 c6 11. 0-0-0 e6 12. Nge4 Be7 13. Nxf6+ Bxf6 14. g4 Bxh4 15. Ne4 Be7 16. g5 Na6 17. gxh6 gxh6 18. Be5 Rf8 19. Kb1 Nb4 20. Qe2 Qa5 21. a3 Nd5 22. c4 Nb6 23. c5 Nd5 24. Qf3 b5 25. Rxh6 b4 26. Rg1 bxa3 27. Qxa3 Qxa3 28. bxa3 f6 29. Bd6 Bxd6 30. Nxd6+ Kd8 31. Rg7 1-0